A basic course in statistics : with sociological applications

Saved in:
Bibliographic Details
Main Author: Anderson, Theodore R.
Other Authors: Zelditch, Morris
Format: Book
Language:English
Published: New York : Holt, Rinehart and Winston, Inc., c1968
Edition:2nd ed.
Series:International series on decision processes
Subjects:
Tags: Add Tag
No Tags, Be the first to tag this record!

MARC

LEADER 00000nam a2200000 i 4500
001 1/43165
008 961105s1968 eng d
035 |l 10025721 
040 |a GR-MY-UA  |b gre  |e aacr 
041 0 |a eng 
082 0 |a 519.5 
100 1 |a Anderson, Theodore R. 
245 1 2 |a A basic course in statistics :  |b with sociological applications /  |c T.R. Anderson, Morris Zelditch 
250 |a 2nd ed. 
260 |a New York :   |b Holt, Rinehart and Winston, Inc.,   |c c1968 
300 |a 334 p. 
490 1 |a International series on decision processes 
500 |a Includes bibliography and index 
650 0 0 |a Statistics. 
700 1 |a Zelditch, Morris. 
830 0 |a International series on decision processes 
852 |a INST  |b CHIOS  |e 19961105  |h 519.5 AND  |p 005200011050  |q 005200011050  |t BK  |y 0 
909 |a Χ  |b 013157